Focus (Record no. 84263)

MARC details
000 -LEADER
fixed length control field 01019cab a22002175a 4500
001 - CONTROL NUMBER
control field L157127
008 - FIXED-LENGTH DATA ELEMENTS--GENERAL INFORMATION
fixed length control field 120905e20120901xxk 000 0 eng d
035 ## - SYSTEM CONTROL NUMBER
System control number (Sirsi) u157127
041 0# - LANGUAGE CODE
Language code of text/sound track or separate title eng
100 1# - MAIN ENTRY--PERSONAL NAME
Personal name Simmons, Mark
245 00 - TITLE STATEMENT
Title Focus
Remainder of title Berkshire and Thames Valley
260 ## - PUBLICATION, DISTRIBUTION, ETC.
Date of publication, distribution, etc. 2012
490 ## - SERIES STATEMENT
Series statement Estates Gazette
Volume/sequential designation (1235) 1 September 2012, 55-63(9)
520 ## - SUMMARY, ETC.
Summary, etc. Looks at the office market in the Thames Valley which has attracted and retained a long list of companies including Microsoft, Dell, Oracle and Amazon but has recently met competition from London's silicon roundabout which is centred in East London. Also looks at office development particularly in Reading Town Centre which has several large office buildings planned and the possibility of a westward rail link to Heathrow airport which would provide a boost for Reading and Slough.
590 ## - LOCAL NOTE (RLIN)
Local note KA
651 #4 - SUBJECT ADDED ENTRY--GEOGRAPHIC NAME
Geographic name Thames Valley
690 ## - LOCAL SUBJECT ADDED ENTRY--TOPICAL TERM (OCLC, RLIN)
Topical term or geographic name as entry element Commercial property
9 (RLIN) 6227
700 1# - ADDED ENTRY--PERSONAL NAME
Personal name Quinn, David
700 1# - ADDED ENTRY--PERSONAL NAME
Personal name Hamilton, Helen
942 ## - ADDED ENTRY ELEMENTS (KOHA)
Suppress in OPAC 0
Holdings
Withdrawn status Lost status Source of classification or shelving scheme Damaged status Not for loan Home library Current library Shelving location Date acquired Total Checkouts Full call number Barcode Date last seen Copy number Price effective from Koha item type
    Dewey Decimal Classification     London London Journal article 05/09/2012   L157127 157127-1001 06/08/2019 1 06/08/2019 Journal article